00690nam a2200145Ia 4500008004100000050002400041100002700065245019800092260008600290300002000376521001500396942000700411999001900418952010700437140724s9999 xx 000 0 und d aBF 441b.Ab167 2013 aAbuyuan, Ian Joshua R. 2aA correlational study between the learning styles of Psychologyology students and the teaching strategies of professors of Southville International School and Colleges /cIan Joshua R. Abuyuan. aLas Piñas, Philippines :bSouthville International School and Colleges,cc2013. a59 p. :c28 cm. aPsychology cTH c228760d228760 001040aCLbCLcTHESESd2014-07-24l0oBF 441 .Ab167 2013pT0114r2018-05-15 00:00:00w2014-07-24yTH